Cambridge advanced learner's dictionary.

書誌詳細
団体著者: Cambridge University Press
フォーマット: 図書
言語:English
出版事項: Cambridge ; New York : Cambridge University Press, 2005
版:Second edition.
主題:
Classic Catalogue: View this record in Classic Catalogue
LEADER 01604nam a2200349 a 4500
001 0016901
003 BD-DhAAL
008 110721t20062005enka d 000 0 eng
010 |a  2005006467 
020 |a 0521843782 (hardback) 
020 |a 0521604982 (pbk.) 
020 |a 9780521843782 (hardback) 
020 |a 9780521604987 (pbk.) 
020 |a 0521686830 
040 |a DLC  |c DLC  |d DLC  |d BD-DhAAL 
082 0 0 |a 423  |2 22 
245 0 0 |a Cambridge advanced learner's dictionary. 
250 |a Second edition. 
260 |a Cambridge ;  |a New York :  |b Cambridge University Press,  |c 2005  |g (2006 printing) 
300 |a xii, 1572 p., 16 p. of plates :  |b ill. (some col.) ;  |c 24 cm + 1 CD-ROM (4 3/4 in.) 
500 |a "First published 1995 as Cambridge International Dictionary of English"--T.p. verso. 
526 |a AAL  |x Hasina Afroz, University Librarian, BRAC University 
541 |e 0016901, 17337  |a Friends' Book Corner 
650 0 |a English language  |v Dictionaries. 
650 0 |a English language  |v Textbooks for foreign speakers. 
710 2 |a Cambridge University Press. 
730 0 |a Cambridge international dictionary of English.  |9 34993 
852 1 |a Ayesha Abed Library   |c Reference Shelf. 
942 |2 ddc  |c BK 
999 |c 11123  |d 11123 
952 |0 0  |1 0  |2 ddc  |4 0  |6 423_CAM  |7 1  |9 17564  |a BRACUL  |b BRACUL  |c REF  |d 2011-07-21  |l 0  |o 423 CAM  |p 3010016901  |r 2011-07-21  |t 1  |w 2011-07-21  |y BK 
952 |0 0  |1 0  |2 ddc  |4 0  |6 423_CAM  |7 1  |9 17579  |a BRACUL  |b BRACUL  |c REF  |d 2008-07-23  |e Friends' Book Corner  |g 425.00  |l 0  |o 423 CAM  |p 3010017337  |r 2011-07-24  |t 2  |w 2011-07-24  |y BK  |x Requisitioned by Hasina Afroz, University Librarian, BRAC University